Small moments

שמור ב:
מידע ביבליוגרפי
מחבר ראשי: Packer, Nancy Huddleston
פורמט: ספר
שפה:Undetermined
יצא לאור: New York, Estados Unidos University of Illinois 1976
נושאים:
תגים: הוספת תג
אין תגיות, היה/י הראשונ/ה לתייג את הרשומה!

MARC

LEADER 00000nam a2200000Ia 4500
008 170316s9999 xx 000 0 und d
040 |a cru BVZT 
090 |a 810 P-2s 
100 |a Packer, Nancy Huddleston 
245 |a Small moments 
260 |a New York, Estados Unidos 
260 |b University of Illinois 
260 |c 1976 
300 |a 155 páginas 
650 |a LITERATURA ESTADOUNIDENSE 
999 |c 6063  |d 6063 
942 |c 15 D  |h 810 P-2s  |2 z